Statistics for 100 Biggest Cities in the Americas

Click here to take the quiz!

General Stats

  • This quiz has been taken 708 times
    (154 since last reset)
  • The average score is 56 of 100

Answer Stats

Population City % Correct
22,400,000New York City
98%
17,800,000Los Angeles
97%
9,750,000Chicago
94%
6,350,000Miami
92%
7,850,000San Francisco
91%
22,800,000Mexico City
90%
7,100,000Dallas
90%
8,550,000Washington
89%
7,650,000Boston
88%
6,600,000Houston
86%
3,325,000San Diego
85%
4,375,000Seattle
84%
7,350,000Philadelphia
84%
13,100,000Rio de Janeiro
83%
3,375,000Orlando
81%
4,575,000Phoenix
81%
5,800,000Atlanta
80%
2,350,000San José
80%
16,300,000Buenos Aires
79%
2,175,000San Antonio
78%
7,200,000Santiago
77%
5,700,000Detroit
77%
22,200,000São Paulo
77%
4,250,000Montreal
77%
7,350,000Toronto
77%
3,700,000Denver
76%
2,750,000Vancouver
76%
9,900,000Lima
76%
3,150,000Minneapolis
75%
1,920,000Austin
73%
9,800,000Bogotá
73%
2,400,000Portland
73%
2,225,000Havana
72%
1,510,000Panama City
70%
2,250,000Las Vegas
70%
3,775,000Caracas
69%
3,925,000Brasília
68%
1,460,000Nashville
68%
4,300,000Tampa
68%
1,420,000Jacksonville
67%
3,075,000Cleveland
67%
2,350,000St. Louis
65%
2,425,000Charlotte
65%
1,980,000Indianapolis
64%
2,075,000La Paz
62%
2,675,000Quito
62%
1,980,000Kansas City
62%
2,775,000Cincinnati
61%
3,150,000Guatemala City
61%
1,730,000Columbus
60%
5,250,000Guadalajara
60%
2,050,000Pittsburgh
60%
3,900,000Santo Domingo
59%
1,510,000Calgary
58%
3,125,000Port-au-Prince
58%
1,850,000Montevideo
56%
3,950,000Medellín
56%
1,550,000Milwaukee
56%
1,870,000San Salvador
56%
4,925,000Monterrey
55%
4,975,000Belo Horizonte
53%
2,425,000Salt Lake City
53%
1,360,000Edmonton
52%
2,075,000Sacramento
52%
2,300,000Asunción
52%
1,630,000Raleigh
51%
1,950,000Tijuana
50%
2,175,000Manaus
49%
3,050,000Cali
46%
3,825,000Recife
45%
2,025,000San Juan
43%
3,650,000Fortaleza
42%
3,575,000Salvador
42%
3,125,000Guayaquil
40%
1,350,000Buffalo
40%
4,100,000Porto Alegre
36%
3,125,000Puebla
34%
1,610,000Virginia Beach
33%
2,225,000Belém
31%
1,480,000Ciudad Juárez
31%
1,650,000Córdoba
31%
1,360,000Rosario
29%
3,375,000Curitiba
28%
2,075,000Barranquilla
25%
1,400,000Natal
23%
2,600,000Maracaibo
23%
2,075,000Santa Cruz
23%
3,175,000Campinas
22%
1,690,000Hartford
20%
1,910,000León
19%
2,275,000Toluca
17%
2,375,000Goiânia
17%
1,430,000São Luís
15%
2,000,000Valencia
14%
1,730,000Santos
10%
1,820,000Vitória
10%
1,420,000Maracay
6%
1,400,000Querétaro
6%
1,350,000Cochabamba
6%
1,350,000Torreón
6%

Score Distribution

Percentile by Number Answered

Percent of People with Each Score

Your Score History

You have not taken this quiz since the last reset